000 00611nam a2200205Ii 4500
001 5565
003 CO-ViMGA
008 241108s9999||||xx |||||||||||||| ||und||
040 _aCO-ViMGA
_bspa
_erda
_cCO-ViMGA
041 0 _aunk
082 0 4 _a833.912-A622z
100 1 _aAlfred Andersch
_953383
245 1 0 _aZanzíbar o la última razón
264 1 _a[Lugar de publicación no identificado] : Ediciones Destino, 1959
300 _avolumen
336 _atext
_btxt
_2rdacontent
337 _aunmediated
_bn
_2rdamedia
338 _avolume
_bnc
_2rdacarrier
940 _aidficha_siabuc: 5419. -- ficha_no_siabuc:5565
999 _c49991
_d49991